Loading...
| Science - Biology | 0 | 5 | 0 | 0 | 50 | 17 | 46.00 | 3 | 5 | 0.00 | 0.00 |
| Science - Chemistry | 0 | 5 | 2 | 0 | 40 | 51 | 82.60 | 3 | 5 | 0.00 | 0.00 |
| Science - Physics | 0 | 4 | 0 | 1 | 40 | 94 | 107.25 | 0 | 1 | 0.00 | 0.00 |
| Literature - British | 0 | 4 | 1 | 0 | 35 | 63 | 96.00 | 2 | 4 | 0.00 | 0.00 |
| Philosophy | 0 | 2 | 0 | 0 | 20 | 87 | 103.00 | 1 | 2 | 0.00 | 0.00 |
| Social Science | 0 | 1 | 0 | 1 | 10 | 124 | 124.00 | 0 | 0 | 0.00 | 0.00 |
| Fine Arts - Painting and Sculpture | 0 | 1 | 0 | 0 | 10 | 107 | 107.00 | 0 | 0 | 0.00 | 0.00 |
| Mythology | 0 | 1 | 0 | 0 | 10 | 73 | 73.00 | 0 | 1 | 0.00 | 0.00 |
| Science - Other | 0 | 1 | 1 | 0 | 5 | 100 | 100.00 | 0 | 1 | 0.00 | 0.00 |
| Fine Arts - Other | 0 | 0 | 1 | 0 | -5 | 0.00 | 0 | 0 | 0.00 | 0.00 |